Diamanty od Cartiera

Parížska klenotnícka firma Cartier predstavuje v Prahe to najlepšie, čo vo svojej 160-ročnej histórii vyrobila. Cartier je niekoľko desaťročí považovaný za synonymum luxusu a špičku vo svojom odbore. Kultom najväčšieho Cartierovho výtvoru je prsteň z troch krúžkov z bieleho, ružového a žltého zlata...

Description complète

Enregistré dans:
Détails bibliographiques
Auteur principal: Červenka, Lukáš
Format: Chapitre de livre
Langue:slovaque
Sujets:
Tags: Ajouter un tag
Pas de tags, Soyez le premier à ajouter un tag!

MARC

LEADER 00000naa$a2200000$$$4500
001 0117084
005 20231009103233.4
041 0 |a slo 
044 |a SK 
245 1 0 |a Diamanty od Cartiera  |c Lukáš Červenka 
520 |a Parížska klenotnícka firma Cartier predstavuje v Prahe to najlepšie, čo vo svojej 160-ročnej histórii vyrobila. Cartier je niekoľko desaťročí považovaný za synonymum luxusu a špičku vo svojom odbore. Kultom najväčšieho Cartierovho výtvoru je prsteň z troch krúžkov z bieleho, ružového a žltého zlata - Trinity. Vycibreným štýlom, remeselníckou dokonalosťou, kvalitou materiálov i spracovania si Cartier zabezpečil výnimočné postavenie na šperkárskom trhu. 
610 2 0 |a kovy drahé 
610 2 0 |a drahokamy 
610 2 0 |a výroba 
610 2 0 |a obchod 
610 2 0 |a kvalita výrobkov 
610 2 0 |a Francúzsko 
100 1 |a Červenka, Lukáš